Por un maldito anuncio / (Registro nro. 13325)

Detalles MARC
000 -LIDER
fixed length control field 00879nam a22002897a 4500
003 - IDENTIFICACDOR DE NÚMERO DE CONTROL
control field DO-SdBNP
005 - DATE AND TIME OF LATEST TRANSACTION
control field 20180220154204.0
008 - ELEMENTOS DE LONGITUD FIJA
fixed length control field 180220b 1989 sp a 00| 0 spa d
020 ## - ISBN
International Standard Book Number 9788434830707
040 ## - FUENTE DE CATALOGACIÓN
Agencia que crea de manera original el registro BPMSU
Idioma de catalogación spa
Agencia que realiza la transcripción BPMSU
082 #4 - NÚMERO DE CLASIFICACIÓN DECIMAL DE DEWEY
Classification number 863.6
Item number M539p, 1989
100 1# - ASIENTO PRINCIPAL -- NOMBRE PERSONAL
Nombre personal Mendo, Miguel Ángel
245 1# - MENCIÓN DE TITULO
Título Por un maldito anuncio /
Mención de responsabilidad Miguel Ángel Mendo ; Ilustraciones Joan Verdú
250 ## - MENCIÓN DE EDICION
Mención de edición
260 ## - PUBLICACIÓN, DISTRIBUCIÓN, ETC. (PIE DE IMPRENTA)
Lugar de publicación, distribución, etc Madrid :
Nombre del editor, distribuidor, etc. SM,
Fecha de publicación, distribución, etc 1989.
300 ## - DESCRIPCIÓN FÍSICA
Extensión 121 p.:
Otros detalles físicos il. ;
Medida de la unidad 20 cm.
490 1# - MENCIÓN DE SERIES
Mención de serie El barco de vapor
Volume/sequential designation 190
586 ## - AWARDS NOTE
Awards note Premio lazarillo 1989
650 ## - ENCABEZAMIENTO DE MATERIA--TEMÁTICO
Término temático o nombre geográfico como elemento de entrada NOVELA JUVENIL ESPAÑOLA
650 ## - ENCABEZAMIENTO DE MATERIA--TEMÁTICO
Término temático o nombre geográfico como elemento de entrada CUMPLEAÑOS
Subdivisión de forma NOVELA JUVENIL
650 ## - ENCABEZAMIENTO DE MATERIA--TEMÁTICO
Término temático o nombre geográfico como elemento de entrada PUBLICIDAD
Subdivisión de forma NOVELA JUVENIL
700 1# - ASIENTO SECUNDARIO -- NOMBRE PERSONAL
Nombre personal Verdú, Joan,
Mención de responsabilidad il.
830 ## - ASIENTO SECUNDARIO DE SERIE--TÍTULO UNIFORME
Título uniforme El barco de vapor
Número de la parte o sección de una obra 190
942 ## - ADDED ENTRY ELEMENTS (KOHA)
Source of classification or shelving scheme Dewey Decimal Classification
Koha item type Libros
945 ## - INFORMACIÓN DE PROCESAMIENTO LOCAL
Información de procesamiento local Inventariado, 2018 / BT
956 ## - LOCAL ELECTRONIC LOCATION AND ACCESS (OCLC)
Nombre de host BTAVAREZ
Número de acceso 10
Trayectoria 20180220
Nombre Electrónico BPMSU
Procesador de solicitud 0038
Existencias
Withdrawn status Lost status Source of classification or shelving scheme Damaged status Not for loan Collection code Home library Current library Date acquired Source of acquisition Total Checkouts Full call number Barcode Date last seen Price effective from Koha item type
    Dewey Decimal Classification     Colección Infantil General Biblioteca Pública Metropolitana Salomé Ureña Biblioteca Pública Metropolitana Salomé Ureña 02/20/2018 Sin sellar   863.6 M539p, 1989 BPMSU18020210 02/20/2018 02/20/2018 Libros